[Event "EU-chT (Men) 12th"]
[Site "Batumi"]
[Date "1999.12.02"]
[Round "4.2"]
[White "Kurajica, Bojan"]
[Black "Krakops, Maris"]
[Result "1-0"]
[WhiteElo "2541"]
[BlackElo "2530"]
[Annotator "Hazai,L"]
[PlyCount "73"]
[EventDate "1999.11.06"]
[EventType "team-swiss"]
[EventRounds "9"]
[EventCountry "GEO"]
[SourceTitle "CBM 074"]
[Source "ChessBase"]
[SourceDate "2000.02.01"]
[SourceVersion "1"]
[SourceVersionDate "2000.02.01"]
[SourceQuality "1"]
[WhiteTeam "Bosnia&Herzegovina"]
[BlackTeam "Latvia"]
[WhiteTeamCountry "BIH"]
[BlackTeamCountry "LAT"]

1. Nf3 Nf6 2. g3 g6 3. b3 Bg7 4. Bb2 O-O 5. Bg2 d6 6. d4 c6 {This plan
followed by Qa5-h5 is not among the best. Even if Black can exchange the B
after Bh3 he usually loses the [+], because the Q manoeuvre costs time.} (6...
Nbd7 {or}) (6... e5 {are the main continuations here.}) 7. O-O Qa5 ({Still it
was not late to play} 7... Nbd7 {/\ e5.}) 8. Re1 {/\ e4} (8. Nbd2 Qh5 9. e4 (9.
c4 {is not so usual here.} Bh3 10. e4 Ng4 (10... Nfd7 $5 {looks more flexible.}
) 11. Nh4 Bxg2 12. Kxg2 {Now Black's |^ on the >> is over.} c5 13. h3 Nf6 14.
e5 Qxd1 15. Raxd1 dxe5 16. dxe5 Nfd7 17. f4 Nc6 18. Ne4 $14 {1/2-1/2
Vadasz-Videki, Budapest 1997}) (9. Re1 Bh3 (9... Bg4 10. e4 {- 8.Re1}) 10. e4 (
10. Bh1 {is also possible.}) 10... Nbd7 11. Nh4 {This is the well-known
defensive move leading to a better _|_ for White.} Qxd1 12. Raxd1 Bxg2 13. Kxg2
Rfe8 14. f4 {White has an enormous pressure in the [+].} d5 15. e5 Ng4 16. h3
Nh6 17. g4 $16 {Taimanov-Kulaots, Stockholm 1993}) 9... Bg4 (9... Bh3 10. Bxh3
(10. Re1 Nbd7 11. e5 dxe5 12. Nxe5 Qxd1 13. Raxd1 Bxg2 14. Kxg2 {White has a
space advantage and better centralized pieces.} Rfd8 15. Ndc4 Rac8 16. Ba3 Nd5
17. Rd3 Nxe5 18. dxe5 Kf8 19. f4 Nb6 20. Nb2 Rxd3 21. Nxd3 $14 {
Shchekachev-Makarjev, Orel 1992}) 10... Qxh3 11. Ng5 Qc8 12. e5 $14 {1/2-1/2
Vadasz-Karatorossian, Budapest 1998, but White's chances are preferable
because of the better developed pieces and advantage in the [+].}) 10. e5 (10.
Qe2 {is a bit slow.} Nbd7 11. e5 Nd5 12. c4 Nc7 13. Rfe1 Ne6 14. Qf1 c5 15. d5
Nc7 16. exd6 Bxb2 17. Rab1 exd6 18. Rxb2 Rfe8 $11 {Carlier-Banikas, Cappelle
la Grande 1998}) 10... dxe5 11. dxe5 Nfd7 12. Re1 Na6 13. Nc4 Rad8 14. Qe2 Nb4
15. Ne3 $1 $16 {Dzindzichashvili-Kavalek, Buenos Aires (ol) 1978}) (8. Qd2 Qh5
(8... Qa6 $6 {drives the Q away from the [+].} 9. c4 Nbd7 10. Qc2 Re8 11. Nc3
$14 {Panchenko-J.Gabriel, Schwaebisch Gmuend 1999}) 9. Qg5 Qxg5 10. Nxg5 {
This _|_ is however not so frightening for Black.} d5 ({or first} 10... a5 11.
a4 {and then} d5 12. Nd2 Bf5 13. Rac1 Nbd7 14. Rfe1 h6 15. Ngf3 Ne4 16. c4 e6
17. cxd5 exd5 18. Nxe4 Bxe4 $11 {L.Hansen-Hoi, Copenhagen 1997}) 11. c4 Rd8 12.
Nf3 a5 13. cxd5 Nxd5 14. Nc3 Nb6 15. Rfd1 Na6 16. Ne5 Be6 17. e3 Nb4 {Black
has a good pressure on the <<.} 18. Nd3 Nxd3 19. Rxd3 a4 $11 {Taimanov-Epishin,
St Petersburg 1996}) (8. h3 Qh5 {provoking} 9. g4 Qa5 10. Nbd2 Nbd7 11. e4 Re8
12. Re1 h5 13. Nc4 Qd8 14. e5 hxg4 15. Ng5 Nh7 16. Nxh7 Kxh7 17. hxg4 dxe5 18.
dxe5 Nb6 19. Ne3 Qxd1 20. Raxd1 Bh6 21. Rd4 Be6 22. f4 c5 23. Re4 Bd7 24. g5
Bg7 25. Nf1 Bc6 26. R4e2 Bxg2 27. Kxg2 Red8 28. c4 $14 {
Kasimdzhanov-Zulfugarli, Zagan 1997}) (8. c4 {is again not so important here,
White has to play for e4.} Qh5 9. Nc3 Bh3 10. Qd2 Bh6 11. Qd3 Nbd7 12. Nh4 Bxg2
13. Kxg2 Rfe8 14. Rad1 e5 15. dxe5 dxe5 16. Ne4 Nxe4 17. Qxe4 Nc5 18. Qf3 Qxf3+
19. Nxf3 e4 20. Nd4 Rad8 $11 {1/2-1/2 Espig-Hazai, Halle 1981}) 8... Qh5 9. e4
Bg4 {This pin is not so effective, as it looks like at first sight.} 10. Qd3 {
The Q can be attacked here.} ({Attacking the [+] immediately by} 10. e5 {
deserves serious attention, for example:} Nd5 11. c4 Nb4 12. a3 N4a6 13. exd6
exd6 14. b4 Nd7 15. Nbd2 Nc7 16. Qb3 d5 17. Ne5 Nxe5 18. dxe5 Rfe8 19. cxd5
cxd5 20. Rac1 $14 {Ribli-Hazai, Budapest 1977}) (10. Nbd2 Nbd7 (10... Bh6 $6 {
is too aggressive.} 11. Nc4 Nbd7 12. e5 Nd5 $2 {this loses outright.} (12...
dxe5 13. Ncxe5 $16) 13. exd6 exd6 14. Nxd6 $18 {Gufeld-Hazai, Tallinn 1981}) (
10... Nfd7 {is an interesting plan with many options for Black in the [+].} 11.
Qe2 c5 {This is the new possibility.} 12. c3 (12. Qf1 cxd4 13. Nxd4 Qc5 14. c3
Nc6 $11 {Gedevanishvili-Pickles, Sydney 1992}) 12... cxd4 13. cxd4 Nc6 14. Qf1
Rac8 15. a3 {(Pomar Salamanca-Torre, Malaga 1973)} (15. h3 Bxf3 16. Nxf3 Nb4)
15... Qa5 $13) 11. Qe2 (11. Nf1 d5 {This is an interesting positional P
sacrifice,} (11... Bh6 $5 {however was safer.}) 12. exd5 Nxd5 13. c4 Nb4 14. a3
Na6 15. Rxe7 $14 {Kristensen-Hebden, Hastings 1989}) (11. a4 {is not a
necessary move in this position.} Rfe8 12. Nc4 d5 13. exd5 Nxd5 14. Re4 f5 15.
Re1 f4 16. Qe2 Rf8 17. Rf1 Rae8 18. Rae1 Kh8 19. Nce5 Nxe5 20. dxe5 Nc7 21. Qe4
Ne6 $13 {Kosic-Poluljahov, Podgorica 1993}) 11... e5 12. Qf1 $1 {White leaves
the pin threatening h3.} exd4 13. Bxd4 (13. Nxd4 $2 c5 {/\ Ne4}) 13... Rfe8 $6
(13... Ne5 14. Bxe5 $1 (14. Nh4 g5 15. Nf5 Bxf5 16. exf5 g4 $1 $13) (14. Nxe5
dxe5 15. Be3 Bh6 $1 $13) 14... dxe5 15. h3 Bxf3 16. Nxf3 Nd7 17. Rad1 $14) 14.
h3 Bxf3 15. Bxf3 Qa5 16. Nc4 Qc7 17. Rad1 $1 $14 {with a strong [+] for White,
and the >< d6 may also become weak, Damljanovic-Malisauskas, Moscow (ol) 1994.}
) 10... Na6 (10... Nbd7 11. Nbd2 e5 {was the other plan.}) 11. a3 (11. Nbd2 {
is met by the freeing manoeuvre} Nb4 (11... d5 12. Ne5) 12. Qc3 c5 $1) 11...
Bh3 (11... Nc7 {or}) (11... Nd7 12. Nbd2 e5 {comes into consideration.}) 12.
Nbd2 Nc7 ({It was time to take the B.} 12... Bxg2 13. Kxg2 Nd7 (13... Nc7)) 13.
Qf1 $1 Bxg2 14. Qxg2 {This is the difference!} Qg4 (14... d5 $2 15. exd5) (
14... Nd7 15. Nc4 $14) 15. c4 Rad8 16. d5 Qc8 17. Re2 (17. Rad1 $14) 17... Na6
$6 {The N is outposted here.} (17... cxd5 18. exd5 e6 19. dxe6 Nxe6 {or} (19...
fxe6 {were more active.})) (17... e5 {however is answered by} 18. dxc6 bxc6 19.
c5 {and Black's P structure is corrupted.} Qa6 20. Ree1 dxc5 21. Bxe5 Ne6 22.
Nc4 Rd3 23. Nfd2 Rfd8 24. Qf1 $14) 18. b4 $16 {White has a huge space
advantage now.} Nb8 (18... e5 19. dxe6 Qxe6 (19... fxe6 20. e5 Ng4 21. Qh3 $16)
20. Rae1 $16) 19. Rc1 Rfe8 20. h3 Nbd7 21. Nb3 e6 22. dxc6 Qxc6 (22... bxc6 23.
e5 dxe5 24. Nxe5 Nxe5 25. Bxe5 $16) 23. Na5 (23. Nfd4 $5) 23... Qa6 (23... Qc7
24. e5 dxe5 25. Nxe5 $16) 24. e5 $1 dxe5 25. Nxe5 Nxe5 26. Bxe5 {White has a
strong majority of pawns on the <<.} Rd7 $2 (26... Re7 27. Qf3 $16) 27. Qf3 $1
{The N has no retreat now.} Nh5 28. g4 Bxe5 29. Rxe5 Ng7 {Here the N is
completely out of play.} 30. c5 Rc8 (30... Red8 31. Re3 $16) 31. Ree1 Rd5 32.
Nc4 Ne8 33. Ne5 Rc7 $2 {This gives up the important d <->.} ({However} 33... f6
34. Nc4 Rcd8 35. Qe2 e5 36. Qa2 Qe6 37. Ne3 R5d6 38. Qxe6+ Rxe6 39. Red1 $16 {
still gets the d <-> at the end.}) 34. Rcd1 $18 Rxd1 35. Rxd1 Kg7 36. Rd8 Re7
$2 37. Rxe8 1-0

[Event "Bundesliga 0203"]
[Site "Germany"]
[Date "2003.03.08"]
[Round "12.6"]
[White "Kalinitschew, Sergey"]
[Black "Richter, Christian"]
[Result "1-0"]
[WhiteElo "2485"]
[BlackElo "2333"]
[Annotator "Hazai,L"]
[PlyCount "131"]
[EventDate "2002.10.19"]
[EventType "team-tourn"]
[EventRounds "15"]
[EventCountry "GER"]
[SourceTitle "CBM 094"]
[Source "ChessBase"]
[SourceDate "2003.05.26"]
[SourceVersion "1"]
[SourceVersionDate "2003.05.26"]
[SourceQuality "1"]
[WhiteTeam "Kreuzberg"]
[BlackTeam "Emsdetten Turm"]
[WhiteTeamCountry "GER"]
[BlackTeamCountry "GER"]

1. d4 Nf6 2. Nf3 g6 3. g3 Bg7 4. Bg2 O-O 5. O-O d6 6. Re1 {/\ e4 with Pirc
type of positions.} (6. c4 {is certainly the main line.}) 6... Nc6 {/\ e5} (
6... Nbd7 {- Negulescu-Istratescu, Iasi 1999 CBM 75}) 7. d5 (7. e4 e5 8. c3 (8.
d5 Ne7 9. c4 {This is a similar position to E62 6.c4 Nc6 7.Nc3 e5 8.d5 Ne7 9.
e4, but Re1 is not necessary.} Nd7 $5 (9... Ne8 10. Nc3 h6 11. Nh4 (11. b4 f5)
11... g5 12. Nf3 f5 13. exf5 Nxf5 14. Be3 Nf6 $13 {Kunte-Harikrishna, New
Delhi 2001}) 10. Nc3 a5) 8... Bg4 {puts a strong pressure on >< d4.} (8... a6 {
doesn't look very urgent here.} 9. h3 $14 (9. d5 Ne7 10. c4 Nd7 11. Nc3 h6 {
/\ f5}) (9. Na3 exd4 10. Nxd4 (10. cxd4 {is met by the central push} d5 11. e5
Ne4) 10... Bd7 $11 {Kuporosov-Slavina, St.Petersburg 2002})) 9. d5 (9. h3 $6
Bxf3 10. Bxf3 exd4 $1 11. cxd4 Nd7 12. d5 Nd4 13. Bg2 c5 {and the N is very
impressive in the [+].} 14. dxc6 bxc6 $11 {Panno-Quinteros, Manila (izt) 1976
22/110}) 9... Ne7 10. h3 Bd7 $1 $13 {Black has to keep his strong B in a
closed King's Indian position.}) (7. Nc3 {is again met by} e5 (7... Bg4 {
is another plan attacking >< d4.} 8. h3 Bxf3 9. Bxf3 Nd7 10. e3 e5 11. dxe5
Ndxe5 12. Bg2 {White has the ^^ and a strong B on the long /^, but his other B
is rather passive and he has some problems with his development.} Re8 13. Qe2 (
13. Nd5 $5 Nc4 14. Rb1 {/\ b3}) 13... Nd7 14. Nd5 Nc5 15. c4 a5 16. Rb1 Nb4 17.
b3 Nbd3 $13 {1/2-1/2 Andersson-Krasenkov, Pula 1997}) 8. dxe5 dxe5 9. h3 Qe7 {
In this structure Black has nothing to fear.} 10. Bg5 Rd8 11. Qc1 Qf8 12. e4
Be6 13. Nd2 h6 14. Bxf6 Bxf6 15. Nd5 Bxd5 16. exd5 Ne7 17. Nc4 Qg7 18. Ne3 Nf5
19. c3 Nd6 $13 {Andersson-Milov, Groningen 1997}) 7... Na5 $5 {At first sight
the N is outplaced on the edge of the board, but in this type of King's Indian
this may transpose to the main lines, where the Re1 move is unnecessary.} (7...
Ne5 8. Nxe5 dxe5 9. c4 {/\ Nc3, c5[+]}) (7... Nb8 8. c4 (8. h3 {is a bit slow}
c5 (8... e5 $5) 9. Nc3 e5 10. e4 (10. dxe6 {gives up White's advantage in the 
[+].} Bxe6 11. e4 Nc6 {Black has enough control over the dark squares to
compensate the weakness of d6.} 12. Be3 Re8 $11 {Speelman-Zaichik, Yerevan 1996
}) 10... Na6 11. Nd2 Nc7 12. a4 $14 {securing >< c4 for the N.}) 8... c6 9. Nc3
cxd5 10. cxd5 Na6 $14 {1/2-1/2 Negulescu-Fedorowicz, New York 1999}) (7... Nb4
8. e4 $1 (8. c4 {allows} Bf5 $1 {and Black has threats on the /^ b1-h7.} 9. Na3
(9. e4 $2 {founders on} Bxe4 10. Rxe4 Nxe4 11. Qe1 Nc2 $17) (9. Nd4 Bxb1 ({or} 
9... Be4 $5 10. Nc3 Bxg2 11. Kxg2 c5 $13) 10. Rxb1 Nxa2 {This is a brave idea,
but Black cannot be punished for that.} 11. Bd2 a5 12. Qb3 Nb4 13. Bxb4 axb4
14. Qxb4 Nd7 $10) 9... c6 10. Nd4 (10. e4 $2 {is again a mistake because of}
Bxe4 11. Rxe4 Nxe4 12. Qe1 Nd3 13. Qxe4 Nxc1 $19) 10... Bd7 11. Bd2 {(Garcia
Palermo-Stohl, Bad Woerishofen 1993 57/68)} Qb6 $1 12. dxc6 (12. Bxb4 Qxb4 13.
dxc6 bxc6 14. Bxc6 (14. Nxc6 Bxc6 15. Bxc6 Rac8 $17 {/\ Qb2}) 14... Bxc6 15.
Nxc6 Qb7 $1 16. Qa4 Ne4 $1 $44) 12... Nxc6 13. Bc3 Rfc8 $132 {Stohl}) 8... e6 (
8... c6 $2 9. a3 Na6 10. dxc6 bxc6 11. e5 $16 {><c6}) (8... e5 9. a3 Na6 10. b4
c5 11. dxc6 bxc6 12. c4 Be6 13. Qd3 Nc7 14. Bb2 Qe7 15. Nbd2 Rfd8 16. Qe2 $14 {
with a more flexible P structure for White, Mateuta-Miljanic, Bucharest 1999.})
(8... Bg4 {The exchange of the B doesn't solve Black's problems, he still
suffers from the lack of space.} 9. h3 Bxf3 10. Bxf3 Nd7 11. c3 Na6 12. Be3 c6
13. Bg2 $14 {Pezerovic-Mortensen, Germany 2000}) 9. c4 exd5 10. cxd5 Re8 11.
Nc3 Na6 12. Nd4 Nc5 13. b4 Ncd7 {(Mateuta-Vujovic, Genova 1999)} 14. Rb1 $1 $14
{with a huge space advantage for White.}) 8. e4 (8. Nfd2 c5 9. c4 a6 10. Nc3
Rb8 $13 {because now we have reached the main lines with a stupid Re1 for
White, Tot-Bogdanovic, Sombor 1957.}) (8. Na3 e6 9. e4 c5 10. c3 exd5 11. exd5
b6 12. Bf4 Bf5 13. Nd2 Nh5 14. Be3 Qd7 $11 {Milos-Marin, Szirak 1987}) 8... c6
9. a4 {/\ Ra2, b3 keeping the a5 N on the edge of the board.} (9. Na3 Bd7 10.
Rb1 {White wants to take all the squares of the a5 N.} cxd5 11. exd5 Rc8 12.
Nd4 Re8 13. h3 a6 14. c3 Rc7 15. Kh2 {1/2-1/2 Speelman-Nunn, London 1982}) (9.
h3 Bd7 10. a4 Rc8 11. Ra2 (11. Nc3 {- 9.a4}) 11... cxd5 12. exd5 Rc5 13. Ng5 h6
14. Ne4 Nxe4 15. Rxe4 Qc8 16. Be3 Rc4 17. Rxe7 Bxh3 18. b3 Bxg2 19. Kxg2 Rc7
20. Rxc7 Qxc7 {1/2-1/2 Speelman-Rashkovsky, Baku 1983}) 9... Bd7 10. Nc3 Rc8
11. h3 Re8 {This is a bit passive.} (11... Nc4 $1 {improving the N's position
deserved attention.} 12. Ra2 (12. b3 Nxd5 $1) 12... Qa5 $13) 12. Ra2 {/\ b3} a6
13. Nd4 {This allows Black to change the P structure with a tempo.} (13. b3 $1
{was the consequent follow-up.} cxd5 14. Nxd5 Nxd5 15. exd5 $14 {The position
is a bit similar to the g3 Dragon Variation. White has some pressure on the e
<->, and space advantage. Black has to prepare for b5, in case of e7-e5 >< d6
may become weak.}) 13... Qb6 ({It was time to grab the |^ by} 13... c5 $1 14.
Nf3 e5 $13) 14. Nde2 cxd5 15. exd5 (15. Nxd5 Nxd5 16. exd5 e5 17. dxe6 (17. Be3
Qb4 18. b3 e4) 17... fxe6 $13) 15... Qb4 $6 {The Q remains vulnerable here.} (
15... Qc7 16. b3 b5 17. axb5 axb5 {/\ Nb7 was the logical plan.}) 16. b3 Nh5 {
Black wants to exchange some pieces.} 17. Ne4 Nf6 18. Nxf6+ Bxf6 19. Be3 (19.
Bd2 Qb6 20. Be3 Qc7 21. c4 $14) 19... Bf5 20. Rf1 $6 {From now on it is not
easy to find a clear-cut positional plan in both players play.} h5 21. Kh2 Kg7
22. Bf3 Rh8 23. Bd2 Qc5 24. c4 Qc7 25. Be3 Rb8 26. Nd4 Bd7 27. Qd3 Rbc8 28. Rc1
b6 29. h4 Nb7 30. b4 {At first sight soon or later a6-a5 will come and the
passive N will control >< c5.} Ra8 (30... a5 {immediately is met by} 31. Nb5
$16) 31. Kg2 Rhc8 32. Bd1 a5 33. b5 Nc5 34. Qb1 {Surprisingly enough even this
position looks a bit better for White. Black has to play e5 at some moment,
which may create weaknesses in his camp.} Qd8 35. Re2 Qh8 {This sophysticated
manoeuvre cannot be good. Black has to prepare the freeing move e5.} 36. Bc2 {
The "bad" B is better than the "good" N on c5?!} Re8 37. Rce1 Bg4 38. f3 Bd7
39. Qd1 Rac8 40. Nc6 {Black has lost a lot of tempi, meanwhile White has
strenthened his position. The N on c6 looks even stronger than his colleague
on c5.} Kf8 41. Bf4 Nb7 {This is a sad necessity in order to prepare e5.} 42.
Re3 {White wants to triple his heavy artillery on the e <->.} Qg7 43. R1e2 Ra8
44. Qd2 Qh7 45. Qe1 e5 {Black had to play this, but it is too late. White is
well-prepared for the opening of the position.} 46. dxe6 Rxe6 47. Qd2 $16 {
>< d6, d5.} Rae8 48. Be4 $1 (48. Rxe6 {wins a P, but exchanges Black's passive
pieces.} Rxe6 49. Rxe6 Bxe6 50. Bxd6+ Nxd6 51. Qxd6+ Kg7) 48... Qh8 49. Bd5 Bc3
50. Qc1 Bb2 51. Qg1 Rxe3 52. Rxe3 Ba3 53. Rxe8+ Bxe8 54. Qe3 Qb2+ 55. Kh3 Bd7+
56. g4 hxg4+ 57. Kg3 $18 Bxc6 (57... Be6 58. Bh6+ Kg8 59. Ne7+ Kh7 60. Bf8 $18)
58. bxc6 Bc5 59. cxb7 Bxe3 60. b8=Q+ Kg7 61. Bxe3 Qe5+ 62. Kf2 g3+ 63. Kg2 Qxe3
64. Qc7 Qd2+ 65. Kh3 Qf4 66. Qe7 1-0